Entre nosotros : ensayos para pensar en otro /

Guardado en:
Bibliografiske detaljer
Hovedforfatter: Levinas, Emmanuel (autor)
Andre forfattere: Pardo, José Luis (traducción) (traducción)
Format: Bog
Sprog:spansk
Udgivet: Valencia, España : Pre-Textos, 1993, c1993
Tags: Tilføj Tag
Ingen Tags, Vær først til at tagge denne postø!

MARC

LEADER 00000nam^a2200000^a^4500
001 000597011
005 20250521000000.0
009 20260310133117.252
020 |a 84-87101-77-1 
037 |a Acervo Xavier Clavigero 
041 |a ESP 
091 |a FDU. 00917 
100 |a Levinas, Emmanuel  |e (autor) 
245 1 0 |a Entre nosotros :  |b ensayos para pensar en otro / 
264 4 |a Valencia, España :  |b Pre-Textos,  |c 1993, c1993 
300 |a 289 p. 
336 |a texto  |b txt  |2 rdacontenido 
337 |a sin mediación  |b n  |2 rdamedio 
338 |a volumen  |b nc  |2 rdasoporte 
649 |a XX 
700 |a Pardo, José Luis  |e (traducción) 
910 |a Fondo Víctor Raúl Durana Valerio S.J. 
920 |a Impresos - Libros 
930 |a Fondos Especiales 
905 |a 116 
901 |a 597011-10  |b IT2  |c ESP  |i D4090  |u 20250521 
902 |a https://opac.biblio.iteso.mx/vufind/Record/000597011